000 00802nam a22002177a 4500
999 _c61692
_d61692
005 20240417165716.0
008 240417s1991 enk||||| |||| 00| 0 eng d
020 _a9780838570111x
041 _aeng
080 _a616-08 Sh-53
100 _aSherwen, Laurie N.
_921839
245 _aNursing care of the childbearing family /
_cLaurie N. Sherwen, Mary Ann Scoloveno, Carol Toussie-Weingarten.
264 _aCalifornia :
_b Appleton & Lange
_c1991.
300 _a1322 p.:
_bill.;
_c29 cm.
653 _aმშობიარობა
653 _aოჯახის ექთნის მოვლა
653 _aმედიცინა
700 _aScoloveno, Maryann
_eავტორი
_921840
700 _aWeingarten, Carol T.
_eავტორი
_921841
942 _2udc
_cᲬᲘᲒᲜᲘ